LEADER 01635nas 2200469- 450 001 9910449257903321 005 20231101151446.0 011 $a1865-8849 035 $a(OCoLC)607607560 035 $a(CKB)110978978738869 035 $a(CONSER)--2015204089 035 $a(DE-599)ZDB2415702-8 035 $a(EXLCZ)99110978978738869 100 $a20100416a19839999 s-- a 101 0 $ager 135 $aurbn||||||abp 135 $aurbn||||||ada 181 $ctxt$2rdacontent 182 $cc$2rdamedia 183 $acr$2rdacarrier 200 00$aArbitrium $eZeitschrift für Rezensionen zur germanistischen Literaturwissenschaft 210 1$aBerlin :$cDe Gruyter 300 $aPrint version published: München : C.H. Beck'sche Verlagsbuchhandlungen (Oscar Beck), 1983-1988; Tübingen : Max Niemeyer Verlag, 1989-<2001> 311 $a0723-2977 517 1 $aZeitschrift für Rezensionen zur germanistischen Literaturwissenschaft 531 $aARBITRIUM ZEITSCHRIFT FUER REZENSIONEN ZUR GERMANISTISCHEN LITERATURWISSENSCHA 531 0 $aArbitrium 606 $aGerman literature$xHistory and criticism$vBook reviews$vPeriodicals 606 $aGerman literature$2fast$3(OCoLC)fst00941797 606 $aLetterkunde$2gtt 606 $aDuits$2gtt 608 $aCriticism, interpretation, etc.$2fast 608 $aPeriodicals.$2fast 608 $aBook reviews.$2fast 615 0$aGerman literature$xHistory and criticism 615 7$aGerman literature. 615 17$aLetterkunde. 615 17$aDuits. 906 $aJOURNAL 912 $a9910449257903321 996 $aArbitrium$92570591 997 $aUNINA LEADER 01058nam a2200265 i 4500 001 991000397929707536 005 20250402103012.0 008 000615s1994 it ||1 | ara 020 $a8808096521$c25000 035 $ab10071659-39ule_inst 035 $aLE02515282$9ExL 040 $aBibl. Dip.le Aggr. Scienze Economia - Sez. Settore Economico 082 0 $a492.73 100 1 $aBaldissera, Eros$0460384 245 10$aArabo :$bdizionario compatto italiano arabo, arabo italiano /$cdi Eros Baldissera 260 $aBologna :$bZanichelli,$c1994 300 $a1 v.(paginazione varia) ;$c16 cm 650 4$aLingua araba$xDizionari 907 $a.b10071659$b10-11-15$c27-06-02 912 $a991000397929707536 945 $aLE029 413 ARA01.01$g1$i2029000003185$lle029$op$pE14.20$q-$rn$so$t0$u0$v0$w0$x0$y.i1256493x$z15-09-03 945 $aLE025 ECO DIZ 492 BAL01.01$g1$i2025000063648$lle025$o-$pE0.00$q-$rn$so$t0$u0$v0$w0$x0$y.i10080788$z27-06-02 996 $aArabo$9194967 997 $aUNISALENTO 998 $ale029$ale025$b01-01-00$cm$da$e-$fara$git$h0$i2